Entremeses

Shranjeno v:
Bibliografske podrobnosti
Glavni avtor: Cervantes y Saavedra, Miguel de (Author)
Format: Knjiga
Jezik:španščina
Izdano: Barcelona Ibérica 1914
Serija:<Los >Grandes Autores. Teatro
Teme:
Oznake: Označite
Brez oznak, prvi označite!

MARC

LEADER 00000nam a2200000 a 4500
001 UCZ7288
003 CL-VaPUC
008 951228e19140000SP |||||||||||||||||spa|d
082 0 4 |a 862  |b CER  |2 21 
100 |a Cervantes y Saavedra, Miguel de  |e author  |9 267947 
245 1 0 |a Entremeses 
300 |a 320 p 
942 |c BK 
945 |d 19951228 00:00:00  |a rleighto 
260 |a Barcelona  |b Ibérica  |c 1914 
650 0 |a Dramas españoles  |9 267081 
583 |a last modification  |c 19951228 00:00:00  |k Rodrigo Vera 
490 0 |a <Los >Grandes Autores. Teatro 
999 |c 243387  |d 243385 
952 |0 0  |1 0  |4 0  |6 862_000000000000000_CER_1914  |7 0  |8 A  |9 256987  |a BIBEDU  |b BIBEDU  |d 2019-11-19  |i 3164896  |l 2  |m 1  |o 862 CER 1914  |p 3164896  |r 2022-05-24  |s 2022-05-24  |w 2019-11-19  |y BK  |k LIT